000 00350nam a2200145Ia 4500
008 230711s9999||||xx |||||||||||||| ||und||
041 _aENG
082 _a530
_bKH-O
100 _aKhandelwal ,D.P
245 0 _aOptics and atomic Physics
250 _a1st . Ed.
260 _c1989
_aBombay
_bHimalaya Publishing House
650 _aPhysics
942 _cBK
999 _c219
_d219